| 000 | 00651nam a2200265Ia 4500 | ||
|---|---|---|---|
| 003 | GCL | ||
| 008 | 140319s9999 xx 000 0 eng d | ||
| 040 |
_aGCL / _cGCL |
||
| 082 | 0 | 4 |
_a574.52636 _bS M |
| 100 | 1 | _aSHEPPARD, CHARLES | |
| 245 | 1 | 0 |
_aMARINE ECOLOGY OF THE ARABIAN REGION / _cSHEPPARD, CHARLES |
| 700 | 1 | _aPRICE,ANDREW | |
| 700 | 1 | _aROBERTS, CALLUM | |
| 260 |
_a[S.N] : _bACDEMIC PRESS ، _c1992 |
||
| 300 | _a359 | ||
| 650 | 0 | 4 | _aENVIRONMENT |
| 650 | 0 | 4 | _aMARINE |
| 650 | 0 | 4 | _aECOLOGY |
| 650 | 0 | 4 | _aGEOGRAPHY |
| 650 | 0 | 4 | _aARABIAN FISHERIES |
| 650 | 0 | 4 | _aREETS |
| 650 | 0 | 4 | _aCLIMATE |
| 650 | 0 | 4 | _aCORALS |
| 942 |
_2ddc _cBK |
||
| 999 |
_c16555 _d16555 |
||